BIBLIOTECA Y CENTRO DE DOCUMENTACIÓN

Diseños para el cambio : (Registro nro. 4265)

Detalles MARC
000 -CABECERA
fixed length control field 02173nam a22003737a 4500
005 - FECHA Y HORA DE LA ULTIMA TRANSACCIÓN
control field 20260314063813.0
008 - ELEMENTOS DE LONGITUD FIJA
fixed length control field 141204b1987 ve ||||| |||| 00| 0 spa d
020 #0 - ISBN
ISBN 9806110080
040 ## - FUENTE DE CATALOGACIÓN
Agencia de catalogación original AR-MoUNM
082 0# - NÚMERO DE CLASIFICACIÓN DECIMAL DEWEY (C.D.D.)
Número de la edición 20
Número de la Clasificación Decimal de Dewey (C.D.D.) 306.098
Número del ítem DIS 611
245 00 - MENCIÓN DEL TÍTULO
Título Diseños para el cambio :
Resto del título modelos socioculturales /
Mención de responsabiblidad coordinador, Martner ; Brunner ; Faletto... [et al.]
260 ## - PUBLICACIÓN, DISTRIBICIÓN, ETC.
Lugar de publicación, distribución, etc. Caracas :
Nombre del editor, distribuidor, etc. Nueva Sociedad :
-- UNITAR/PROFAL,
Fecha de publicación, distribución, etc. 1987.
300 ## - DESCRIPCIÓN FÍSICA
Extensión 309 p. :
Otros detalles físicos tablas, gráf. ;
Dimensiones [El subcampo es A para Materiales Mixtos] 20 cm.
504 ## - NOTA DE BIBLIOGRAFÍA, ETC.
Nota de bibliografía, etc. Incluye referencias bibliográficas.
505 0# - NOTA DE CONTENIDO NORMALIZADA
Título Primera parte. Los modelos socioculturales del desarrollo latinoamericano.
505 0# - NOTA DE CONTENIDO NORMALIZADA
Título Sociedades dependientes y crisis en América Latina : los desafíos de la transformación político-social /
Mención de responsabilidad Germán Rama ; Enzo Faletto.
Información miscelánea p. 17-48.
505 0# - NOTA DE CONTENIDO NORMALIZADA
Título Cultura y prospectiva : el imaginario de futuro en la literatura latinoamericana /
Mención de responsabilidad Ana Pizarro.
Información miscelánea p. 49-71.
505 0# - NOTA DE CONTENIDO NORMALIZADA
Título Los debates sobre la modernidad y el futuro de América Latina /
Mención de responsabilidad José Joaquín Brunner.
Información miscelánea p. 73-115.
505 0# - NOTA DE CONTENIDO NORMALIZADA
Título Crisis económica, educación y futuro en América Latina /
Mención de responsabilidad Juan Carlos Tedesco.
Información miscelánea p. 117-132.
505 0# - NOTA DE CONTENIDO NORMALIZADA
Título La juventud latinoamericana : presente y futuro /
Mención de responsabilidad Javier Martínez.
Información miscelánea p. 133-158.
505 0# - NOTA DE CONTENIDO NORMALIZADA
Título Segunda parte. Estrategias alternativas para el desarrollo de América Latina.
505 0# - NOTA DE CONTENIDO NORMALIZADA
Título Hacia nuevos modelos de desarrollo latinoamericano para enfrentar los desafíos del año 2000 /
Mención de responsabilidad Pedro Vuskovic.
Información miscelánea p. 169-209.
505 0# - NOTA DE CONTENIDO NORMALIZADA
Título La industrialización latinoamericana hacia un futuro lejano /
Mención de responsabilidad Ernesto Ottone.
Información miscelánea p. 235-257.
505 0# - NOTA DE CONTENIDO NORMALIZADA
Título El desarrollo en función de la paz : ¿un modelo alternativo? /
Mención de responsabilidad José Agustín Silva Michelena.
Información miscelánea p. 259-287.
505 0# - NOTA DE CONTENIDO NORMALIZADA
Título Seguridad regional en Sudamérica. Escenarios prospectivos /
Mención de responsabilidad Carlos Portales.
Información miscelánea p. 289-308.
650 #7 - ENTRADA SECUNDARIA DE MATERIA - TÉRMINO TEMÁTICO
Fuente de la entrada o término unescot
9 (RLIN) 1489
Término temático o nombre geográfico como elemento de entrada ESTRUCTURA SOCIAL
650 #7 - ENTRADA SECUNDARIA DE MATERIA - TÉRMINO TEMÁTICO
Fuente de la entrada o término mpirdes
9 (RLIN) 2299
Término temático o nombre geográfico como elemento de entrada CONDICIONES SOCIALES
650 #7 - ENTRADA SECUNDARIA DE MATERIA - TÉRMINO TEMÁTICO
Fuente de la entrada o término mpirdes
9 (RLIN) 1477
Término temático o nombre geográfico como elemento de entrada CONDICIONES ECONOMICAS
650 #7 - ENTRADA SECUNDARIA DE MATERIA - TÉRMINO TEMÁTICO
Fuente de la entrada o término unescot
Término temático o nombre geográfico como elemento de entrada POLITICA SOCIAL
9 (RLIN) 113
650 #7 - ENTRADA SECUNDARIA DE MATERIA - TÉRMINO TEMÁTICO
Fuente de la entrada o término unescot
9 (RLIN) 371
Término temático o nombre geográfico como elemento de entrada POLITICA ECONOMICA
651 #7 - ENTRADA SECUNDARIA DE MATERIA - NOMBRE GEOGRÁFICO
Fuente de la entrada o término unescot
Nombre geográfico AMERICA LATINA
9 (RLIN) 1049
700 1# - ENTRADA SECUNDARIA - NOMBRE DE PERSONA
9 (RLIN) 7713
Nombre de la persona Martner, Gonzalo.
Término relacionador coord.
942 ## - ADDED ENTRY ELEMENTS (KOHA)
Item type Libros
Existencias
Withdrawn status Lost status Damaged status Not for loan Home library Current library Date acquired Source of acquisition Inventory number Total Checkouts Full call number Barcode Date last seen Copy number Price effective from Koha item type
        Colección general Colección general 04/12/2014 Donación Universidad Argentina de la Emprea - UADE 10980   306.098 DIS 611 10980 04/12/2014 Ej. C 04/12/2014 Libros
Biblioteca UNM
Universidad Nacional de Moreno
Av. Bme. Mitre Nº 1891 (B1744OHC) Moreno
Provincia de Buenos Aires, República Argentina
(0237) 460-9300 (líneas rotativas)
(011) 2078-9170 (líneas rotativas)
biblioteca@unm.edu.ar
Universidad del Bicentenario Argentino